| 000 | 00641nam a2200217 a 4500 | ||
|---|---|---|---|
| 008 | |||
| 020 | _a0134874889 (cased) | ||
| 049 | _aMAIN | ||
| 090 | _aQA273.A5 | ||
| 100 | 1 | _aEisen, Martin M. | |
| 245 | 1 | 0 |
_aIntroduction to mathematical probability theory / _cMartin Eisen. |
| 260 |
_aEnglewood Cliffs, N.J. : _bPrentice-Hall, _c1969. |
||
| 300 |
_axxi, 535 p. ; _c24 cm. |
||
| 504 | _aIncludes bibliographical references. | ||
| 650 | 0 | _aProbabilities. | |
| 907 |
_a.b10045405 _b15-10-03 _c17-04-03 |
||
| 003 | |||
| 005 | 20230123133215.0 | ||
| 040 | _cNUST | ||
| 942 |
_cBOOKS _kQA273.A5 |
||
| 999 |
_c144605 _d144605 |
||